Best Nba Players Currently - Statistics

General Stats
  • This quiz has been taken 50 times
  • The average score is 19 of 20
Answer Stats
Hint Answer % Correct
Bucks Giannis Antetokounmpo
100%
Celtics Jayson Tatum
100%
76ers Joel Embiid
100%
Suns Kevin Durant
100%
Lakers Lebron James
100%
Mavericks Luka Doncic
100%
Nuggets Nikola Jokic
100%
Warriors Steph Curry
100%
Grizzlies Ja Morant
97%
Thunder Shai Gilgeous-Alexander
97%
Lakers Anthony Davis
95%
Trail-Blazers Damian Lillard
95%
Heat Jimmy Butler
95%
Mavericks Kyrie Irving
95%
Hornets Lamelo Ball
95%
Suns Devin Booker
92%
Clippers Kawhi Leonard
92%
Timberwolves Anthony Edwards
89%
Cavaliers Donovan Mitchell
87%
Bulls DeMar DeRozan
79%
No matching quizzes found
Score Distribution
Percent of People with Each Score
Percentile by Number Answered
Your Score History
You have not taken this quiz